000 00374 a2200157 4500
005 20260225142623.0
020 _a978-9354600968
040 _bEng
082 _a621.311 KOT
100 _aD P Kothari, I J Nagrath.
_93925
245 _aModern Power System Analysis
250 _a5th ed.
260 _aChennai:
_bMc Graw Hill,
_c2022.
300 _axxvi, 849p;
942 _cBK
999 _c5569
_d5564